| 000 | 00494nam a2200169Ia 4500 | ||
|---|---|---|---|
| 008 | 130318s9999 xx 000 0 und d | ||
| 020 | _a8121924286 | ||
| 082 | _a658.31125 AGA/H | ||
| 100 | _aAgarwal, P.K | ||
| 245 | _aHandbook of test of reasoning and quantitative aptitude, mental ability and numerical aptitude | ||
| 260 |
_bS Chand _aNew Delhi _c2004 |
||
| 300 | _a514 | ||
| 650 | _aMENTAL ABILITY | ||
| 650 | _aNUMERICAL APTITUDE | ||
| 650 | _aQUANTITATIVE APTITUDE | ||
| 650 | _aREASONING | ||
| 999 |
_c741 _d741 |
||